| 000 | 00359pab a2200145 454500 | ||
|---|---|---|---|
| 008 | 180718b1998 xxu||||| |||| 00| 0 eng d | ||
| 100 | _aShakeel Ahmad | ||
| 245 | _aIndigenous health education in the universities | ||
| 260 | _c1998 | ||
| 300 | _ap.14-15,18 | ||
| 362 | _a16 Nov | ||
| 650 | _aHealth education | ||
| 773 | _aUniversity News | ||
| 909 | _a39256 | ||
| 999 |
_c39256 _d39256 |
||